000 00609nam a22001937a 4500
999 _c185660
_d185660
005 20220207162714.0
010 _aENG-131446
020 _a9789391211660
_c850.00
035 _aEN-114978
037 _bDBAD
082 _a346.54015
100 _aSaxena, Poonam Pradhan
245 _aFamily Law Lecltures Family Law II/
_cPoonam Pradhan Saxena
250 _a5th Edition
260 _aNew Delhi
_bKW Publishers Pvt. Ltd
_c2022
270 _a4676/21, First Floor, Ansari Road, Daryaganj
_bNew Delhi
_e110002
300 _axxxv, 646p.
_bIndex
_c24cm(pbk)
942 _2ddc
_cEN
_h346.54015
_mSAX